000 00267nam a2200109Ia 4500
001 1261068
005 20260417140344.0
008 260417s9999 xx 000 0 und d
020 _a9786051859279
245 0 _aİçbahçe
_cSimla Sunay
260 _bEverest Yayınları
999 _c1261068
_d1261068